01972nam a22001097a 4500008004100000100004600041245010300087260004600190300003600236520154400272773004601816240828b ||||| |||| 00| 0 eng d aParvathy, Lakshmi and Kamath, Rajalaxmi  aLabour contractors (Thekedaars) to human resource companies: Labour market intermediaries in India aThe Indian Journal of Labour Economics  a67(1), Jan-Mar, 2024: p.197-219 aLabour market intermediaries (LMIs) are gaining prominence in forging employment relations with principal employer and labour in a tripartite setting. In this article, we underpin the current literature situating LMIs in the global value chains (GVCs) and global production networks (GPNs) to its historical provenance that of the Indian labour contractor (thekedaar) by studying the role of the labour contractor in three globally pegged Indian colonial sites: the Indian Railways, the Bombay cotton mills, and the tea plantations. This historical analysis helps us understand the morphing nature of LMIs in India, post-2000, in the form of human resource companies (HRCs). For the latter, we use a novel dataset—companies registered under the Ministry of Corporate Affairs, to extract those established to serve the purpose of LMIs. This data are juxtaposed with the theoretical framework that classifies LMIs into a typology of matchmakers, information providers and administrators. Given the long history and phenomenal diversity in practices of LMIs in India, we conclude that it is difficult to capture them within the existing classificatory frameworks and thus offers opportunities for theory extension. We conclude that though the thekedaars are evolving into a more sophisticated and formalised versions of human resource companies or Staffing Solution Companies, there has not been much change in their core functions as labour market intermediaries.- Reproduced https://link.springer.com/article/10.1007/s41027-024-00477-6  aThe Indian Journal of Labour Economics